00512nam a2200193 a 4500001001300000003000900013005001700022008004100039020002300080082001500103100001900118245004900137260003900186300000900225500003500234505001700269650001300286700001900299nice12345678IN_TiNIC20260116012816.0050524s1986 dela grp 000 0 eng  a8170018 c10000a294.5bTUC aTuck, Donald R aConcept of Maya in Samkara and Radhakrishnan aDelhibChanakya Publicationsc1986 a146p aincludes index and biblioraphy2 aBibliography aHinduism1 aTuck, Donald R